00430 a2200145 4500010001400000020002300014035001300037037001500050082001200065100001800077245005100095260004100146270007400187300002300261 aENG-88055 a8178793741c595.00 aEN-71588 bDBAD / PUB14a613.7131 aManilal, K.P.1 aScience of strength training /cby K.P.Manilal aNew DelhibSports Publicationsc2006 aG-6, 23/23-B, EMCA House, Ansari Road, Darya GanjbNew Delhie110 002 a377 p.c22 cm (Hb)